000 00209nam a22001097a 4500
041 _aENG
245 _aOriginor Of Ide
260 _aDelhi
_bKhann Pub
_c1998
300 _a309
650 _aGAE
856 _uGAE
999 _c3179
_d3179